Para los abuelos : un libro regalo, escrito por nietos para abuelos de todo el mundo /

Tallennettuna:
Bibliografiset tiedot
Muut tekijät: Patron, Alfredo (traducción) (traducción), Patron, Nora (traducción) (traducción)
Aineistotyyppi: Kirja
Kieli:espanja
Julkaistu: Barcelona, España : Ediciones 29, 1977, c1977
Tagit: Lisää tagi
Ei tageja, Lisää ensimmäinen tagi!

MARC

LEADER 00000nam^a2200000^a^4500
001 000591058
005 20250521000000.0
009 20260310132920.987
020 |a 84-7175-130-5 
037 |a Acervo ITESO - Biblioteca 
041 |a ESP 
091 |a FCR. 00866 
245 0 0 |a Para los abuelos :  |b un libro regalo, escrito por nietos para abuelos de todo el mundo / 
264 4 |a Barcelona, España :  |b Ediciones 29,  |c 1977, c1977 
300 |a 62 p. 
336 |a texto  |b txt  |2 rdacontenido 
337 |a sin mediación  |b n  |2 rdamedio 
338 |a volumen  |b nc  |2 rdasoporte 
649 |a XX 
700 |a Patron, Alfredo  |e (traducción) 
700 |a Patron, Nora  |e (traducción) 
910 |a Fondo Cristina Romo Gil 
920 |a Impresos - Libros 
930 |a Fondos Especiales 
905 |a 143 
901 |a 0900116558  |b IT2  |c ESP  |i D123412  |u 20250521 
902 |a https://opac.biblio.iteso.mx/vufind/Record/000591058